000
00214nam a22000857a 4500
008
170203b xxu||||| |||| 00| 0 eng d
100
_9
2762
_a
Richardson.A.
245
_a
In Grandma's Attic
260
_a
New Delhi
_b
CVP
_c
1974
999
_c
5953
_d
5953